[Event "Canadian zt (Women)"]
[Site "Toronto"]
[Date "2024.03.29"]
[Round "3"]
[White "Wang, Rachel Zihan"]
[Black "Gavrileva, Anna"]
[Result "1-0"]
[WhiteElo "1813"]
[BlackElo "1627"]
[PlyCount "85"]
[EventDate "2024.03.28"]
[EventType "team-swiss"]
[EventRounds "9"]
[EventCountry "CAN"]
[SourceTitle "CB15_2024"]
[SourceDate "2024.04.10"]
[SourceVersion "1"]
[SourceVersionDate "2024.04.10"]
[SourceQuality "1"]

1. d4 d5 2. c4 e6 3. Nf3 Nf6 4. Bg5 Be7 5. e3 0-0 6. Nc3 c6 7. Rc1 Nbd7 8. Bd3 dxc4 9. Bxc4 b5 10. Bd3 Bb7 11. 0-0 a6 12. a4 b4 13. Ne4 Nxe4 14. Bxe7 Qxe7 15. Bxe4 Rac8 16. Nd2 Nf6 17. Bf3 e5 18. dxe5 Qxe5 19. Nc4 Qc7 20. Qd6 c5 21. Qxc7 Rxc7 22. Bxb7 Rxb7 23. Na5 Rc7 24. Rfd1 Rfc8 25. Rd6 Kf8 26. Rxa6 c4 27. Kf1 Ne4 28. Rb6 Rc5 29. Nb7 Nd2+ 30. Ke2 Nb3 31. Rd1 Rh5 32. Rxb4 Rxh2 33. Nd6 Ra8 34. Nxc4 Nc5 35. Nb6 Re8 36. Nd7+ Nxd7 37. Rxd7 Rxg2 38. a5 Ra8 39. a6 Rg5 40. a7 Re5 41. Rb8+ Re8 42. Rxa8 Rxa8 43. Rb7 1-0

[Event "CAN-ch (Women)"]
[Site "Toronto"]
[Date "2023.04.08"]
[Round "5"]
[White "Yang, Jing Yao"]
[Black "Gavrileva, Anna"]
[Result "1-0"]
[WhiteElo "1558"]
[BlackElo "1412"]
[PlyCount "107"]
[EventDate "2023.04.06"]
[EventType "swiss"]
[EventRounds "9"]
[EventCountry "CAN"]
[SourceTitle "CBM 213 Extra"]
[Source "ChessBase"]
[SourceDate "2023.05.31"]
[SourceVersion "1"]
[SourceVersionDate "2023.05.31"]
[SourceQuality "1"]

1. d4 d5 2. Bf4 Nf6 3. Nf3 c5 4. e3 Nc6 5. c3 Qb6 6. Qc2 cxd4 7. exd4 Bf5 8. Qb3 e6 9. Nbd2 Qxb3 10. axb3 Be7 11. Bb5 0-0 12. b4 Rfc8 13. 0-0 h6 14. h3 a6 15. Bxc6 Rxc6 16. Ne5 Rcc8 17. Ra2 Rd8 18. Nb3 Ne4 19. Rfa1 f6 20. Nf3 Bd6 21. Bxd6 Nxd6 22. Nc5 Ra7 23. g4 Be4 24. Nd2 Kf7 25. Re1 f5 26. f3 Bc2 27. Rc1 fxg4 28. Rxc2 gxh3 29. Rc1 Raa8 30. Re1 Re8 31. Raa1 g5 32. Kh2 Re7 33. Kxh3 Rae8 34. Re5 Kf6 35. Rae1 Nf7 36. R5e2 h5 37. Nd3 Kf5 38. Ne5 g4+ 39. fxg4+ hxg4+ 40. Kg3 Nh6 41. Rh1 Kg5 42. Reh2 Nf5+ 43. Kg2 Rg8 44. Rh8 Rgg7 45. Nf1 Kf4 46. Nd3+ Ke4 47. Nf2+ Kf4 48. Nd1 e5 49. dxe5 Rxe5 50. Rf8 Re2+ 51. Kg1 Rg5 52. Rh7 Kf3 53. Nde3 g3 54. Nxf5 1-0